000 00386nam a2200145Ia 4500
008 100204s9999 xx 000 0 und d
082 _b25483
100 _aबागवे अशोक
245 _aमंदिल
260 _b"ग्रंथपर्व , ठाणे"
_c2002
300 _a112
630 _aमंदिल
730 _aमंदिल
942 _cBOOK
999 _c470664
_d470661